Process innovation and key competences in measuring the business performance

Na minha lista:
Detalhes bibliográficos
Autor principal: Sabolová, Martina
Formato: Capítulo de Livro
Idioma:inglês
Assuntos:
Tags: Adicionar Tag
Sem tags, seja o primeiro a adicionar uma tag!

MARC

LEADER 00000nla a2200000 4500
001 0225941
005 20240502073716.9
041 0 |a eng 
044 |a SK 
245 1 0 |a Process innovation and key competences in measuring the business performance  |c Martina Sabolová 
500 |a Abstrakt 
610 2 0 |a podnik 
610 2 0 |a výkonnosť podniku 
610 2 0 |a inovácia 
610 2 0 |a výhody konkurenčné 
100 1 |a Sabolová, Martina